[Event "Open Nuevo Centro. Jornada 3"]
[Site "Chess.com"]
[Date "2020.07.03"]
[Round "1"]
[White "Perrot, Fabien "
[Black "Reig Albero, Ferran"
[Result "0-1"]
[WhiteElo "978"]
[BlackElo "1823"]
[PlyCount "56"]
[EventDate "2020.??.??"]
1. d4 Nf6 2. c4 e6 3. Nc3 d5 4. Bg5 Nbd7 5. e3 c5 6. Nf3 cxd4 7. exd4 Bb4 8. a3
Bxc3+ 9. bxc3 Qa5 10. Qb3 Ne4 11. Bd2 O-O 12. Bd3 dxc4 13. Bxc4 Nb6 14. Bd3
Nxd2 15. Kxd2 Bd7 16. Be4 Rac8 17. Ne5 Bb5 18. Bxb7 Rc7 19. Be4 Na4 20. Rhc1
Rfc8 21. Ra2 Rxc3 22. Rxc3 Nxc3 23. Rc2 Nxe4+ 24. Ke3 Nd6 25. Rd2 h6 26. f3
Nc4+ 27. Kf2 Nxd2 28. Kg3 Nxb3 0-1

[Event "Open Nuevo Centro. Jornada 3"]
[Site "Chess.com"]
[Date "2020.07.03"]
[Round "1"]
[White "Mart�nez Escandell, Alfonso"
[Black "Valero Artagoitia, Sara"
[Result "1-0"]
[WhiteElo "1713"]
[BlackElo "560"]
[PlyCount "89"]
[EventDate "2020.??.??"]
1. e4 e5 2. Nf3 Nc6 3. Bb5 a6 4. Ba4 Bc5 5. c3 Nf6 6. d4 Ba7 7. Bg5 d6 8. dxe5
dxe5 9. Qxd8+ Kxd8 10. Bxc6 bxc6 11. Nxe5 Ke8 12. Bxf6 gxf6 13. Nxc6 Bc5 14. b4
Bb6 15. Nd2 Bd7 16. Nd4 Bg4 17. O-O c5 18. bxc5 Bxc5 19. N2b3 Ba3 20. f3 Be6
21. Rfd1 Bb2 22. Rab1 Bxc3 23. Rbc1 Bb2 24. Rc6 Rc8 25. Rxc8+ Bxc8 26. Nc5
Bxd4+ 27. Rxd4 Bd7 28. Nxd7 Rg8 29. Nxf6+ Kf8 30. Nxg8 Kxg8 31. Ra4 h5 32. Rxa6
h4 33. Rh6 h3 34. Rxh3 Kg7 35. a4 f6 36. a5 Kf8 37. a6 Ke7 38. a7 Kd6 39. a8=Q
Ke5 40. Qd5+ Kf4 41. Qd2+ Ke5 42. Rh5+ Ke6 43. Qd5+ Ke7 44. Rh7+ Ke8 45. Qg8#

[Event "Open Nuevo Centro. Jornada 3"]
[Site "Chess.com"]
[Date "2020.07.03"]
[Round "1"]
[White "Deusa Ballesteros, Luis Miguel"
[Black "Mar�n Corresa, Arturo"
[Result "0-1"]
[WhiteElo "1502"]
[BlackElo "2211"]
[PlyCount "86"]
[EventDate "2020.??.??"]
1. d4 Nf6 2. c4 c6 3. Nc3 d5 4. cxd5 cxd5 5. Bg5 Nbd7 6. e3 a6 7. Nf3 h6 8. Bh4
e6 9. Bd3 Be7 10. O-O b5 11. a3 Bb7 12. b4 Rc8 13. Rc1 Nb6 14. Nd2 Nc4 15. Nxc4
dxc4 16. Bc2 O-O 17. f3 Nd5 18. Nxd5 Bxh4 19. Nc3 Bg5 20. Qe2 Re8 21. Ne4 Be7
22. Nc5 Bxc5 23. dxc5 Qf6 24. e4 e5 25. Rfd1 Red8 26. Kf2 Rd4 27. Rd2 Rcd8 28.
Rcd1 Qh4+ 29. Kg1 Qg5 30. Rxd4 exd4 31. Qd2 d3 32. Qxg5 hxg5 33. Bb1 Kf8 34.
Kf2 Ke7 35. Ke3 Ke6 36. g3 Rh8 37. Rd2 g6 38. Kd4 f5 39. exf5+ gxf5 40. Ke3 Ke5
41. f4+ gxf4+ 42. gxf4+ Kf6 43. Rg2 Bxg2 0-1

[Event "Open Nuevo Centro. Jornada 3"]
[Site "Chess.com"]
[Date "2020.07.03"]
[Round "1"]
[White "Garcia, Jhoel"
[Black "Cebolla Ruiz, David"
[Result "1-0"]
[WhiteElo "2326"]
[BlackElo "1545"]
[PlyCount "95"]
[EventDate "2020.??.??"]
1. g3 Nf6 2. Bg2 g6 3. Nf3 Bg7 4. O-O d6 5. c4 O-O 6. Nc3 e5 7. e4 a5 8. d4 Nc6
9. d5 Ne7 10. a3 Nh5 11. Bd2 f5 12. exf5 Bxf5 13. Be3 Bg4 14. h3 Bxf3 15. Bxf3
Nf6 16. g4 c6 17. dxc6 Nxc6 18. Nd5 Nxd5 19. Qxd5+ Kh8 20. Rad1 Nd4 21. Bg2 Rb8
22. Kh1 Qd7 23. f4 Rfd8 24. Be4 Ne2 25. Kg2 exf4 26. Bxf4 Nxf4+ 27. Rxf4 Rbc8
28. Rf7 Qc6 29. Qxc6 bxc6 30. b4 c5 31. b5 Rf8 32. Rxf8+ Rxf8 33. Rxd6 Rf4 34.
Bd5 Rd4 35. Rd8+ Bf8 36. Rxf8+ Kg7 37. Rf2 Rd3 38. Rb2 Rxa3 39. b6 Ra4 40. b7
Rb4 41. Rxb4 axb4 42. b8=Q Kh6 43. Qf4+ Kg7 44. Qe5+ Kh6 45. Qf6 b3 46. g5+ Kh5
47. Bf3+ Kh4 48. Qf4# 1-0

[Event "Open Nuevo Centro. Jornada 3"]
[Site "Chess.com"]
[Date "2020.07.03"]
[Round "1"]
[White "Vega Guti�rrez, Sabrina"
[Black "Conejero Mart�nez, V�ctor"
[Result "1-0"]
[WhiteElo "2099"]
[BlackElo "1367"]
[PlyCount "87"]
[EventDate "2020.??.??"]
1. e4 c5 2. Nf3 Nc6 3. d4 cxd4 4. Nxd4 e5 5. Nb5 a6 6. Nd6+ Bxd6 7. Qxd6 Qf6 8.
Qd1 Qg6 9. Nc3 Nf6 10. h4 h5 11. Be3 Nxe4 12. Nd5 O-O 13. Qd3 d6 14. O-O-O Bf5
15. Qa3 b5 16. Bd3 Rac8 17. Qxa6 Nc5 18. Bxc5 dxc5 19. Bxf5 Qxf5 20. Qxc6 Rxc6
21. Ne7+ Kh8 22. Nxf5 Ra8 23. Kb1 Rca6 24. a3 b4 25. Nd6 bxa3 26. b3 a2+ 27.
Ka1 Rb8 28. Nxf7+ Kg8 29. Nxe5 Rc8 30. Nc4 Rca8 31. Rd5 Rf8 32. f3 Rf4 33. Rxc5
Rd4 34. Rxh5 Rd7 35. Re5 Rc7 36. Rd1 Rf7 37. Rd8+ Kh7 38. Rh5+ Kg6 39. Rg5+ Kh7
40. Ne5 Rf4 41. Rh5+ Rh6 42. Rxh6+ Kxh6 43. g3 Rd4 44. Rxd4 1-0

[Event "Open Nuevo Centro. Jornada 3"]
[Site "Chess.com"]
[Date "2020.07.03"]
[Round "1"]
[White "Mart�nez Albelda, Mariela"
[Black "Valverde Caballero, Rafael"
[Result "0-1"]
[WhiteElo "1035"]
[BlackElo "1850"]
[PlyCount "132"]
[EventDate "2020.??.??"]
1. d4 Nf6 2. Bf4 g6 3. Nc3 Bg7 4. Nb5 d6 5. Nf3 O-O 6. e3 Re8 7. Bc4 Bg4 8. h3
Bxf3 9. Qxf3 c6 10. Nc3 e5 11. dxe5 dxe5 12. Bg5 Nbd7 13. Bxf6 Nxf6 14. O-O Qb6
15. Rab1 Rad8 16. Ne4 Nxe4 17. Qxe4 Rd2 18. Qf3 Qc7 19. Rbc1 Red8 20. Rfd1 Kf8
21. Rxd2 Rxd2 22. Bb3 f5 23. Rd1 Qd6 24. Rxd2 Qxd2 25. e4 Qe1+ 26. Kh2 Qxe4 27.
Qxe4 fxe4 28. c3 Bh6 29. Bd1 e3 30. fxe3 Bxe3 31. Bg4 Ke7 32. h4 Bc1 33. b3 e4
34. Be2 Kd6 35. g4 Ke5 36. Kg3 e3 37. Kf3 Bd2 38. c4 h6 39. h5 g5 40. a4 Kd4
41. Kg3 Kc3 42. Kf3 Kxb3 43. Ke4 Kxa4 44. Kf5 b5 45. cxb5 cxb5 46. Kg6 b4 47.
Kxh6 b3 48. Kxg5 b2 49. Bd3 e2+ 50. Kg6 e1=Q 51. h6 Bxh6 52. Kxh6 Qe3+ 53. Kh5
Qxd3 54. g5 Qg3 55. g6 b1=Q 56. Kh6 Qh1+ 57. Kg7 Qxg6+ 58. Kxg6 Qd5 59. Kf6 Kb4
60. Kg6 a5 61. Kh6 Qg2 62. Kh7 a4 63. Kh6 a3 64. Kh5 a2 65. Kh4 a1=Q 66. Kh5
Qah1# 0-1

[Event "Open Nuevo Centro. Jornada 3"]
[Site "Chess.com"]
[Date "2020.07.03"]
[Round "1"]
[White "Bosch Jord�, Ricard"
[Black "Hern�ndez Tom�s, Efr�n"
[Result "1-0"]
[WhiteElo "1826"]
[BlackElo "985"]
[PlyCount "105"]
[EventDate "2020.??.??"]
1. e4 e5 2. Nf3 Nc6 3. Bb5 d6 4. d4 Bd7 5. dxe5 dxe5 6. Qd5 Nb4 7. Qxe5+ Be7 8.
Bxd7+ Qxd7 9. Na3 f6 10. Qg3 O-O-O 11. O-O Bd6 12. Qh3 Qxh3 13. gxh3 Ne7 14.
Be3 a6 15. c3 Nbc6 16. Nc4 f5 17. Nxd6+ Rxd6 18. exf5 Nxf5 19. Bf4 Rf6 20. Rad1
Nfe7 21. Ng5 Rxf4 22. b4 Rf5 23. f4 h6 24. Ne6 g5 25. a4 gxf4 26. c4 Nxb4 27.
Rd2 f3 28. Rfd1 Rg8+ 29. Kf1 b6 30. a5 Kb7 31. axb6 cxb6 32. Rd7+ Kb8 33. Rxe7
Nc2 34. Rd8+ Rxd8 35. Nxd8 Ne3+ 36. Kf2 Nd1+ 37. Kf1 Rc5 38. Ne6 Rxc4 39. Rd7
Rc8 40. Rxd1 Re8 41. Nd4 Rf8 42. Kf2 Kb7 43. Nxf3 a5 44. Kg3 b5 45. Rb1 Ka6 46.
Ne5 b4 47. Nc4 Kb5 48. Nd6+ Kc6 49. Nc4 Kc5 50. Nxa5 Kb5 51. Nb3 Rc8 52. Nd4+
Ka4 53. Ra1# 1-0

[Event "Open Nuevo Centro. Jornada 3"]
[Site "Chess.com"]
[Date "2020.07.03"]
[Round "1"]
[White "Pardo Ruiz, Beatriz"
[Black "Sampedro Roig, Josep Francesc"
[Result "0-1"]
[WhiteElo "994"]
[BlackElo "1839"]
[PlyCount "124"]
[EventDate "2020.??.??"]
1. e4 Nf6 2. Nc3 d5 3. exd5 Nxd5 4. Bc4 Nb6 5. Nf3 Nxc4 6. d3 Nd6 7. O-O Bg4 8.
h3 Bh5 9. Qe2 e6 10. Qe3 Be7 11. Ne5 Nd7 12. Nxd7 Qxd7 13. Qg3 Bg6 14. Bg5
O-O-O 15. Bxe7 Qxe7 16. Rfe1 Nf5 17. Qf4 Qd6 18. Qxd6 cxd6 19. Nb5 a6 20. Nc3
Nd4 21. Rac1 Kd7 22. Ne2 Nxe2+ 23. Rxe2 Rc8 24. Rce1 Rc5 25. b4 Rc3 26. Kh2
Rhc8 27. Rc1 Bxd3 28. Rd2 Bxc2 29. Re1 Bf5 30. Red1 d5 31. g4 Be4 32. Re1 R8c4
33. f3 Rxf3 34. Red1 Rcc3 35. Kg1 Rxh3 36. Rh2 Rxh2 37. Kxh2 Rc2+ 38. Kg3 Rxa2
39. Kf4 Rf2+ 40. Ke3 Rf3+ 41. Ke2 Rg3 42. Rf1 f6 43. Kd2 Rxg4 44. Ke3 Bf5 45.
Kf3 Rxb4 46. Ke2 e5 47. Rxf5 d4 48. Rh5 Ke6 49. Rxh7 g5 50. Rc7 e4 51. Rc1 Rb2+
52. Kf1 Kf5 53. Rc5+ Kf4 54. Rd5 d3 55. Ke1 g4 56. Kd1 g3 57. Ke1 Rb1+ 58. Kd2
g2 59. Kc3 g1=Q 60. Rd7 Rc1+ 61. Kb4 Qb6+ 62. Ka4 Ra1# 0-1

[Event "Open Nuevo Centro. Jornada 3"]
[Site "Chess.com"]
[Date "2020.07.03"]
[Round "1"]
[White "Garrido Silos, Pablo"
[Black "Kovacevic, Slobodan"
[Result "0-1"]
[WhiteElo "1372"]
[BlackElo "2104"]
[PlyCount "126"]
[EventDate "2020.??.??"]
1. e4 c5 2. c3 e6 3. d4 d5 4. exd5 exd5 5. Nf3 Nc6 6. Be3 c4 7. b3 cxb3 8. axb3
Bd6 9. Bb5 Nge7 10. h3 O-O 11. O-O h6 12. Na3 Nf5 13. Nc2 Bd7 14. Qd2 Qc7 15.
Bd3 a6 16. Rfe1 Rac8 17. Bxf5 Bxf5 18. Red1 Rfe8 19. Nce1 Ne7 20. Rdc1 Be6 21.
Nd3 Nf5 22. Bf4 Qe7 23. Bxd6 Nxd6 24. Nfe5 Ne4 25. Qe1 Qf6 26. f3 Nd6 27. Qe3
Rc7 28. Qf4 Qxf4 29. Nxf4 Rec8 30. Ne2 Nb5 31. c4 dxc4 32. bxc4 Bxc4 33. Nxc4
Rxc4 34. d5 R8c5 35. Rxc4 Rxc4 36. Rd1 Nd6 37. Ng3 Kf8 38. Kf2 Ke7 39. Ke3 Kd7
40. Ne4 Rc2 41. Nxd6 Kxd6 42. Rb1 Rc7 43. Rd1 Rc5 44. Rb1 Rb5 45. Rd1 Rxd5 46.
Rxd5+ Kxd5 47. Kd3 b5 48. Kc3 a5 49. Kd3 b4 50. g3 a4 51. h4 h5 52. Kc2 f5 53.
Kd3 g6 54. f4 a3 55. Kc2 Kc4 56. Kc1 b3 57. Kb1 Kc3 58. Kc1 a2 59. Kd1 a1=Q+
60. Ke2 b2 61. Ke3 b1=Q 62. Kf3 Qd3+ 63. Kf2 Qaf1# 0-1

[Event "Open Nuevo Centro. Jornada 3"]
[Site "Chess.com"]
[Date "2020.07.03"]
[Round "1"]
[White "Bercaru, Vlad Ionut"
[Black "Montesinos Diaz, Luis"
[Result "1-0"]
[WhiteElo "1818"]
[BlackElo "1913"]
[PlyCount "147"]
[EventDate "2020.??.??"]
1. c4 e5 2. Nc3 d6 3. Nf3 g6 4. d4 Bg7 5. Bg5 f6 6. Bh4 Ne7 7. e3 O-O 8. Be2
Nbc6 9. O-O f5 10. d5 Nb8 11. e4 f4 12. Rc1 h6 13. Bxe7 Qxe7 14. b4 g5 15. h3
h5 16. Nh2 g4 17. hxg4 hxg4 18. Bxg4 Na6 19. a3 Qg5 20. Bxc8 Raxc8 21. Qg4 Qh6
22. f3 Rce8 23. Qh3 Qg6 24. Kf2 Qf7 25. Rg1 c6 26. Ng4 cxd5 27. exd5 Qg6 28.
Ne4 Nc7 29. Rh1 b5 30. Rh2 bxc4 31. Rxc4 Nxd5 32. Rc6 Re6 33. Qh5 Qxh5 34. Rxh5
Ne7 35. Rc7 d5 36. Nc5 Kf7 37. Nxe6 Kxe6 38. Rh7 Rg8 39. Rxa7 Bf8 40. Nh6 Rg6
41. Rh8 Bxh6 42. Re8 Bg5 43. Ra6+ Kf7 44. Rea8 Rxa6 45. Rxa6 e4 46. fxe4 dxe4
47. Ra5 Kf6 48. b5 Nc8 49. b6 Nd6 50. Ra6 Ke7 51. b7 Nxb7 52. Ra7 Kd6 53. Rxb7
Kc6 54. Rb1 Be7 55. a4 Bc5+ 56. Ke2 Bb6 57. Rb4 f3+ 58. gxf3 exf3+ 59. Kxf3 Bc5
60. Rb1 Ba7 61. Ke2 Bc5 62. Kd3 Kd5 63. Kc2 Kc6 64. Kb3 Kb6 65. Kc4+ Kc6 66. a5
Ba7 67. a6 Bf2 68. Rb7 Bb6 69. Kb3 Bc5 70. Ka4 Bb6 71. Rh7 Bc7 72. a7 Kb6 73.
Rxc7 Kxc7 74. a8=Q 1-0

[Event "Open Nuevo Centro. Jornada 3"]
[Site "Chess.com"]
[Date "2020.07.03"]
[Round "2"]
[White "Valero Martinez, �scar"
[Black "Rabbani Perez, Ayoub "
[Result "1-0"]
[WhiteElo "1187"]
[BlackElo "258"]
[PlyCount "33"]
[EventDate "2020.??.??"]
1. e4 c5 2. Nf3 Nc6 3. Nc3 c4 4. Bxc4 Na5 5. d3 Nb3 6. cxb3 Qa5 7. Bf4 Qxa2 8.
Rxa2 b5 9. Ng5 Bb7 10. Nxf7 Nf6 11. Nxh8 O-O-O 12. Rxa7 Bxe4 13. Nxe4 b4 14.
Ra8+ Kb7 15. Qa1 Re8 16. Qa7+ Kc6 17. Qa6# 1-0

[Event "Open Nuevo Centro. Jornada 3"]
[Site "Chess.com"]
[Date "2020.07.03"]
[Round "2"]
[White "Saiz Sapena, Veronica"
[Black "Elenkov Olmo, Ivan"
[Result "1-0"]
[WhiteElo "1528"]
[BlackElo "930"]
[PlyCount "29"]
[EventDate "2020.??.??"]
1. e4 e5 2. Nf3 Nc6 3. d4 exd4 4. Bc4 h6 5. c3 Bc5 6. cxd4 Bb6 7. O-O Qe7 8. e5
Qd8 9. Re1 Ke7 10. d5 Nb4 11. d6+ cxd6 12. Qxd6+ Ke8 13. Qxb4 f6 14. exf6+ Ne7
15. Rxe7+ 1-0

[Event "Open Nuevo Centro. Jornada 3"]
[Site "Chess.com"]
[Date "2020.07.03"]
[Round "2"]
[White "Garc�a Gim�nez, Santiago"
[Black "Mart�nez Albelda, Mariela"
[Result "1-0"]
[WhiteElo "1816"]
[BlackElo "1034"]
[PlyCount "41"]
[EventDate "2020.??.??"]
1. e4 e5 2. Nf3 Nc6 3. Bc4 Bc5 4. c3 Nf6 5. d4 exd4 6. cxd4 Bb4+ 7. Nc3 Bxc3+
8. bxc3 Kf8 9. e5 Ng4 10. O-O d6 11. exd6 Qxd6 12. a4 Ne7 13. Ba3 Qd7 14. Re1
Ke8 15. Rxe7+ Qxe7 16. Bxe7 Kxe7 17. Qe2+ Be6 18. d5 Rae8 19. dxe6 fxe6 20.
Qxe6+ Kd8 21. Rd1# 1-0

[Event "Open Nuevo Centro. Jornada 3"]
[Site "Chess.com"]
[Date "2020.07.03"]
[Round "2"]
[White "Cebolla Ruiz, David"
[Black "Pardo Ruiz, Beatriz"
[Result "1-0"]
[WhiteElo "1549"]
[BlackElo "968"]
[PlyCount "63"]
[EventDate "2020.??.??"]
1. e4 e5 2. Nf3 Nc6 3. Bb5 a6 4. Bxc6 dxc6 5. d4 exd4 6. Qxd4 Qxd4 7. Nxd4 Bc5
8. Be3 Nf6 9. f3 Bxd4 10. Bxd4 Be6 11. Bxf6 gxf6 12. Nc3 O-O-O 13. O-O Rhg8 14.
Rfd1 Rxd1+ 15. Rxd1 Bh3 16. g4 h5 17. Kf2 hxg4 18. Rg1 Rg5 19. fxg4 Rxg4 20.
Rxg4 Bxg4 21. Kg3 Be6 22. Kf4 b5 23. h4 a5 24. h5 Kd7 25. h6 Ke7 26. h7 Kd6 27.
h8=Q b4 28. Qd8+ Kc5 29. Na4+ Kb5 30. b3 Ka6 31. Qa8+ Kb5 32. Qb7# 1-0

[Event "Open Nuevo Centro. Jornada 3"]
[Site "Chess.com"]
[Date "2020.07.03"]
[Round "2"]
[White "Barber�n P�rez, Guillermo"
[Black "Gutierrez Marco, Dario"
[Result "1/2-1/2"]
[WhiteElo "1654"]
[BlackElo "1878"]
[PlyCount "36"]
[EventDate "2020.??.??"]
1. e4 c5 2. Nf3 e6 3. d4 cxd4 4. Nxd4 Nc6 5. Nc3 Qc7 6. Be3 a6 7. Be2 b5 8. a3
Bb7 9. O-O Nf6 10. f3 Be7 11. Qe1 O-O-O 12. Ncxb5 axb5 13. Nxb5 Qb8 14. Qc3 Ne8
15. Na7+ Kc7 16. Nb5+ Kc8 17. Na7+ Kc7 18. Nb5+ Kc8 1/2-1/2

[Event "Open Nuevo Centro. Jornada 3"]
[Site "Chess.com"]
[Date "2020.07.03"]
[Round "2"]
[White "Hern�ndez Tom�s, Efr�n"
[Black "Gimenez Saiz, Jose Raul"
[Result "0-1"]
[WhiteElo "984"]
[BlackElo "1542"]
[PlyCount "48"]
[EventDate "2020.??.??"]
1. e4 d5 2. exd5 Nf6 3. Nc3 Bg4 4. f3 Bf5 5. Bc4 Nbd7 6. Nge2 Nb6 7. Bb3 Nbxd5
8. Bxd5 Nxd5 9. Nxd5 Qxd5 10. Nc3 Qe5+ 11. Qe2 Qxe2+ 12. Nxe2 Bxc2 13. O-O Bd3
14. Re1 e6 15. Nd4 Bc5 16. Kh1 Bxd4 17. g4 O-O-O 18. Kg2 h5 19. h3 hxg4 20.
hxg4 Rh7 21. a3 Rdh8 22. Kg3 g5 23. a4 Rh2 24. Ra3 R8h3# 0-1

[Event "Open Nuevo Centro. Jornada 3"]
[Site "Chess.com"]
[Date "2020.07.03"]
[Round "2"]
[White "Teply Koutsky, David"
[Black "Ainsa Jimenez, Lucas"
[Result "1-0"]
[WhiteElo "1586"]
[BlackElo "995"]
[PlyCount "39"]
[EventDate "2020.??.??"]
1. d4 d5 2. c4 dxc4 3. Nc3 Nc6 4. e4 Nf6 5. Nf3 Bg4 6. Be3 e6 7. Bxc4 Bb4 8.
Bd3 O-O 9. O-O Bxc3 10. bxc3 Bxf3 11. Qxf3 e5 12. Qh3 exd4 13. cxd4 h6 14. e5
Nh7 15. Bxh6 gxh6 16. Qxh6 Re8 17. Bxh7+ Kh8 18. Bg6+ Kg8 19. Qh7+ Kf8 20.
Qxf7# 1-0

[Event "Open Nuevo Centro. Jornada 3"]
[Site "Chess.com"]
[Date "2020.07.03"]
[Round "2"]
[White "Marques Montolio, Luis"
[Black "Acevedo Noguera, Sara"
[Result "1-0"]
[WhiteElo "1220"]
[BlackElo "394"]
[PlyCount "21"]
[EventDate "2020.??.??"]
1. e4 e5 2. Nf3 Nc6 3. Bb5 f6 4. Nh4 Bc5 5. Qh5+ g6 6. Nxg6 hxg6 7. Qxh8 d6 8.
Bc4 Nb4 9. Qxg8+ Kd7 10. Qxd8+ Kxd8 11. Na3 1-0

[Event "Open Nuevo Centro. Jornada 3"]
[Site "Chess.com"]
[Date "2020.07.03"]
[Round "2"]
[White "Pardo Ruiz, Carlos"
[Black "Miranda Calvo, Max Rodrigo"
[Result "1-0"]
[WhiteElo "1866"]
[BlackElo "1239"]
[PlyCount "38"]
[EventDate "2020.??.??"]
1. e4 e5 2. Nf3 Nc6 3. Bc4 Bc5 4. c3 d6 5. d4 exd4 6. cxd4 Bb4+ 7. Bd2 Bg4 8.
Bxb4 Nxb4 9. Bxf7+ Kxf7 10. Qb3+ d5 11. Ne5+ Ke6 12. Nxg4 Qd6 13. e5 Qe7 14.
O-O Nc6 15. Qc3 Rd8 16. f4 Kd7 17. Nd2 Kc8 18. Nb3 Qd7 19. f5 Qxf5 1-0

[Event "Open Nuevo Centro. Jornada 3"]
[Site "Chess.com"]
[Date "2020.07.03"]
[Round "2"]
[White "Carbonell Bofill, Carlos Eloy"
[Black "Fitzpatrick Dimas  , Andrew "
[Result "1-0"]
[WhiteElo "1992"]
[BlackElo "1131"]
[PlyCount "57"]
[EventDate "2020.??.??"]
1. d4 d5 2. Nf3 Nc6 3. Bf4 Nf6 4. e3 a5 5. Bb5 Bd7 6. Nc3 e6 7. O-O Bb4 8. Ne2
O-O 9. c3 Be7 10. a4 Na7 11. Bd3 c5 12. dxc5 Bxc5 13. Ne5 Bd6 14. Nxf7 Rxf7 15.
Bxd6 Bxa4 16. Qxa4 Qxd6 17. Qxa5 Ng4 18. Ng3 Rf6 19. Qb4 Qc7 20. Qxg4 Rh6 21.
h3 Qb6 22. Qb4 Qc7 23. Qd4 Rf6 24. Rxa7 Rxa7 25. Qxa7 Rxf2 26. Kxf2 Qf7+ 27.
Kg1 Qc7 28. Qa8+ Qb8 29. Qxb8# 1-0

[Event "Open Nuevo Centro. Jornada 3"]
[Site "Chess.com"]
[Date "2020.07.03"]
[Round "2"]
[White "Morata Briones, Carlos"
[Black "Deusa Ballesteros, Luis Miguel"
[Result "0-1"]
[WhiteElo "871"]
[BlackElo "1503"]
[PlyCount "86"]
[EventDate "2020.??.??"]
1. e4 d5 2. exd5 Nf6 3. Nc3 Nxd5 4. Nxd5 Qxd5 5. d3 Nc6 6. Be3 e5 7. d4 exd4 8.
c3 Bc5 9. cxd4 Nxd4 10. Bxd4 Qxd4 11. Qe2+ Be6 12. Rd1 Bb4+ 13. Rd2 Qxd2+ 14.
Qxd2 Bxd2+ 15. Kxd2 O-O-O+ 16. Ke2 Bc4+ 17. Ke1 Rhe8+ 18. Be2 Bxe2 19. Nxe2 Re6
20. Kf1 Rde8 21. g3 Rxe2 22. Kg2 Rxb2 23. Ra1 Ree2 24. Rf1 Rxa2 25. h4 Rxf2+
26. Rxf2 Rxf2+ 27. Kxf2 Kd7 28. Ke3 a5 29. Kd3 b5 30. Kc3 c5 31. Kb3 Kd6 32.
Ka3 Kd5 33. Kb3 a4+ 34. Kc3 b4+ 35. Kd3 c4+ 36. Kc2 Kd4 37. Kb2 a3+ 38. Ka2 Kd3
39. Kb1 b3 40. Ka1 b2+ 41. Ka2 Kc2 42. g4 b1=Q+ 43. Kxa3 Qb3# 0-1

[Event "Open Nuevo Centro. Jornada 3"]
[Site "Chess.com"]
[Date "2020.07.03"]
[Round "2"]
[White "Chofre Murcia, Adri�n"
[Black "Valverde Alcaide, Miguel Alejandro"
[Result "1-0"]
[WhiteElo "1506"]
[BlackElo "846"]
[PlyCount "47"]
[EventDate "2020.??.??"]
1. e4 e5 2. Nc3 Nf6 3. f4 exf4 4. Nf3 Qe7 5. d3 d6 6. Be2 Nc6 7. Bxf4 Bg4 8.
O-O Qe6 9. Ng5 Qd7 10. Bxg4 Qxg4 11. Qxg4 Nxg4 12. h3 Nf6 13. Nf3 O-O-O 14. Bg5
Be7 15. Rae1 Rhe8 16. a3 h6 17. Bh4 g5 18. Nxg5 hxg5 19. Bxg5 Nd5 20. exd5 Nd4
21. Bxe7 Rd7 22. Bf6 Nxc2 23. Rxe8+ Rd8 24. Rxd8# 1-0

[Event "Open Nuevo Centro. Jornada 3"]
[Site "Chess.com"]
[Date "2020.07.03"]
[Round "2"]
[White "Valma�a Cant�, Jaime"
[Black "Salvador Buiza, Victor"
[Result "1-0"]
[WhiteElo "2435"]
[BlackElo "1832"]
[PlyCount "45"]
[EventDate "2020.??.??"]
1. c4 e5 2. Nc3 Nc6 3. Nf3 Bc5 4. Nxe5 Bxf2+ 5. Kxf2 Nxe5 6. e4 c5 7. Be2 f5 8.
exf5 Qh4+ 9. g3 Qd4+ 10. Ke1 Nf6 11. Nb5 Qe4 12. Nd6+ Ke7 13. Nxe4 Nxe4 14. d3
Ng5 15. Bxg5+ Kf7 16. d4 g6 17. dxe5 d5 18. Qxd5+ Be6 19. Qxe6+ Kg7 20. f6+ Kf8
21. Qe7+ Kg8 22. f7+ Kg7 23. f8=Q# 1-0

[Event "Open Nuevo Centro. Jornada 3"]
[Site "Chess.com"]
[Date "2020.07.03"]
[Round "2"]
[White "Remolar Gallen, Jose"
[Black "Bosch Jord�, Ricard"
[Result "1-0"]
[WhiteElo "2321"]
[BlackElo "1825"]
[PlyCount "52"]
[EventDate "2020.??.??"]
1. d4 Nf6 2. c4 c5 3. d5 b5 4. cxb5 a6 5. bxa6 Bxa6 6. Nc3 d6 7. e4 Bxf1 8.
Kxf1 g6 9. g3 Bg7 10. Kg2 O-O 11. Nf3 Nbd7 12. Qe2 Ng4 13. Rd1 Nge5 14. Nxe5
Nxe5 15. f4 Nd7 16. Bd2 Qb6 17. Rab1 Rfc8 18. Be1 Nb8 19. e5 Na6 20. g4 Qb7 21.
e6 fxe6 22. Qxe6+ Kh8 23. Rd3 Nb4 24. Rh3 Nd3 25. Bd2 Bxc3 26. Bxc3+ Ne5 1-0

[Event "Open Nuevo Centro. Jornada 3"]
[Site "Chess.com"]
[Date "2020.07.03"]
[Round "2"]
[White "M�ndez Gim�nez , N�stor Emmanuel"
[Black "Mingarro Carceller, Sergi"
[Result "0-1"]
[WhiteElo "1141"]
[BlackElo "2029"]
[PlyCount "72"]
[EventDate "2020.??.??"]
1. e4 c5 2. Nf3 d6 3. d4 cxd4 4. Qxd4 Nf6 5. Nc3 Nc6 6. Qa4 Bd7 7. Bb5 a6 8.
Bxc6 Bxc6 9. Qb3 Nxe4 10. Nxe4 Bxe4 11. O-O e6 12. Nd2 Bc6 13. Nc4 Be7 14. Nb6
Rb8 15. Be3 O-O 16. Bd4 Bf6 17. Bxf6 Qxf6 18. Nc4 Qe7 19. c3 Bd5 20. Qa4 b5 21.
Qxa6 Bxc4 22. b3 Bxf1 23. Rxf1 Qf6 24. Qxd6 Qxc3 25. Rd1 h6 26. Qg3 Rfd8 27.
Rxd8+ Rxd8 28. h3 Qxg3 29. fxg3 b4 30. Kf2 Ra8 31. a4 bxa3 32. Ke2 a2 33. Kd3
a1=Q 34. Kc4 Rc8+ 35. Kb4 Qd4+ 36. Ka3 Ra8# 0-1

[Event "Open Nuevo Centro. Jornada 3"]
[Site "Chess.com"]
[Date "2020.07.03"]
[Round "2"]
[White "Donate Moreno, David"
[Black "Perrot, Fabien "
[Result "1-0"]
[WhiteElo "1542"]
[BlackElo "977"]
[PlyCount "51"]
[EventDate "2020.??.??"]
1. e4 e5 2. Nf3 Nc6 3. Bc4 Bc5 4. c3 Nf6 5. d4 exd4 6. e5 Ng8 7. O-O f6 8. cxd4
Bb6 9. exf6 Nxf6 10. Re1+ Ne7 11. Qe2 d5 12. Bb3 Bg4 13. Bg5 O-O 14. Qxe7 Bxf3
15. Bxf6 Rxf6 16. gxf3 Bxd4 17. Nc3 Rg6+ 18. Kh1 Bxf2 19. Bxd5+ Kh8 20. Qxd8+
Rxd8 21. Re2 Bb6 22. Rae1 h6 23. Re8+ Rxe8 24. Rxe8+ Kh7 25. Be4 Bd4 26. Ne2

[Event "Open Nuevo Centro. Jornada 3"]
[Site "Chess.com"]
[Date "2020.07.03"]
[Round "2"]
[White "Gomez Aleman, Jorge"
[Black "Galcin Plitnikas, Artiom"
[Result "0-1"]
[WhiteElo "1363"]
[BlackElo "1388"]
[PlyCount "58"]
[EventDate "2020.??.??"]
1. e4 c5 2. Nf3 Nc6 3. Bb5 Nf6 4. d3 g6 5. O-O Bg7 6. Bg5 O-O 7. Qd2 d6 8. Bh6
Bd7 9. Bxg7 Kxg7 10. Nc3 Nd4 11. Nxd4 cxd4 12. Bxd7 dxc3 13. Qxc3 Qxd7 14. f4
Kg8 15. e5 Ng4 16. h3 Ne3 17. Rfe1 Nf5 18. g4 Nh4 19. f5 Qb5 20. exd6 Qd5 21.
Re2 Qf3 22. Rae1 exd6 23. fxg6 hxg6 24. Qc4 Qxh3 25. g5 Nf3+ 26. Kf2 Nxe1 27.
Rxe1 Rfe8 28. Rf1 Re3 29. Qd5 Qg3# 0-1

[Event "Open Nuevo Centro. Jornada 3"]
[Site "Chess.com"]
[Date "2020.07.03"]
[Round "2"]
[White "Lopez Mateo, Juan Carlos"
[Black "Albuixech Sanz, Jorge"
[Result "1-0"]
[WhiteElo "2039"]
[BlackElo "1722"]
[PlyCount "53"]
[EventDate "2020.??.??"]
1. e4 c5 2. Nf3 d6 3. d4 cxd4 4. Nxd4 Nf6 5. Nc3 a6 6. Bg5 e6 7. Qf3 Be7 8. Be2
Nbd7 9. Qg3 Qc7 10. O-O-O b5 11. Bxb5 axb5 12. Ndxb5 Qb8 13. Nxd6+ Bxd6 14.
Qxd6 Qxd6 15. Rxd6 Bb7 16. f3 O-O 17. Rhd1 Ne5 18. b3 h6 19. Be3 Rfc8 20. Kb2
Nc6 21. Na4 Nb4 22. c3 Na6 23. Nb6 Nc5 24. Nxa8 Bxa8 25. Rd8+ Rxd8 26. Rxd8+
Kh7 27. Bxc5 1-0

[Event "Open Nuevo Centro. Jornada 3"]
[Site "Chess.com"]
[Date "2020.07.03"]
[Round "2"]
[White "Mart�nez Cuenca, Adri�n "
[Black "Tormos Beltran, Maite"
[Result "0-1"]
[WhiteElo "800"]
[BlackElo "1453"]
[PlyCount "76"]
[EventDate "2020.??.??"]
1. e4 d5 2. exd5 Qxd5 3. c3 e5 4. d4 Nc6 5. f4 exd4 6. cxd4 Qxd4 7. Nf3 Qe4+ 8.
Be2 Bb4+ 9. Bd2 Nf6 10. Bxb4 Nxb4 11. a3 Nc2+ 12. Qxc2 Qxc2 13. Bb5+ c6 14. Bd3
Qxd3 15. Nbd2 O-O 16. O-O-O Bg4 17. Ng5 Bxd1 18. Rxd1 h6 19. Nb3 Qxb3 20. h4
hxg5 21. hxg5 Qxd1+ 22. Kxd1 Rad8+ 23. Ke2 Rfe8+ 24. Kf3 Nd5 25. Kg4 Re2 26.
Kf3 Rxb2 27. Ke4 Re8+ 28. Kf5 g6+ 29. Kg4 Rxg2+ 30. Kf3 Rge2 31. Kg4 R8e3 32.
Kh4 Rh2+ 33. Kg4 f5+ 34. gxf6 Nxf6+ 35. Kg5 Rg3+ 36. Kxf6 Rxa3 37. Ke5 Rh4 38.
f5 Ra5+ 0-1